| 000 | 01531nam a2200457 i 4500 | ||
|---|---|---|---|
| 001 | 2369 | ||
| 003 | KOSZ 005 | ||
| 005 | 20230224140944.0 | ||
| 008 | 000114s1984 pl a f |000 0 pol | ||
| 040 |
_aWA N _cWA N _dKOSZ 005/HR |
||
| 041 | 0 | _apol | |
| 046 | _k1981 | ||
| 080 | _a631.2 | ||
| 080 | _a636 | ||
| 080 | _a(07) | ||
| 245 | 0 | 0 |
_aPoradnik budownictwa inwentarskiego : _bmechanizacja i organizacja prac w budynkach inwentarskich / _c[zespół aut. Jan Barwicki et al.] ; koordynator Wacław Romaniuk. |
| 250 | _aWyd. 3. | ||
| 260 |
_aWarszawa : _bPaństwowe Wydawnictwa Rolnicze i Leśne, _c1984. |
||
| 300 |
_a405, [3] s. : _bil., 1 mapa, tab., wykr. ; _c24 cm. |
||
| 336 |
_2rdacontent _aTekst _btxt |
||
| 337 |
_2rdamedia _aBez urządzenia pośredniczącego _bn |
||
| 338 |
_2rdacarrier _aWolumin _bnc |
||
| 380 | _aKsiążki | ||
| 380 | _aPublikacje fachowe | ||
| 388 | _a1901-2000 | ||
| 388 | _a1945-1989 | ||
| 504 | _aBibliogr. przy rozdz. | ||
| 650 | 4 | _aObora | |
| 650 | 4 | _aOwczarnia. | |
| 658 | _aRolnictwo i leśnictwo | ||
| 658 | _aArchitektura i budownictwo | ||
| 650 | 4 | _aZootechnika | |
| 655 | 4 | _aPoradnik | |
| 650 | 4 | _aMechanizacja rolnictwa | |
| 650 | 4 | _aBudownictwo inwentarskie | |
| 650 | 4 | _aChlew | |
| 700 | 1 |
_aBarwicki, Jan. _eAutor |
|
| 700 | 1 |
_aRomaniuk, Wacław _d(1939- ) _eRedakcja |
|
| 856 |
_uhttp://koha.tu.koszalin.pl/cgi-bin/koha/opac-detail.pl?biblionumber=2369 _yKatalog online BPK |
||
| 942 |
_2UKD _cKS |
||
| 999 |
_c2369 _d2369 |
||